Car Brands A-Z Quiz Stats

 Plays Quiz not verified by Sporcle

Score 0/20 Timer 12:00
0 Plays Today
% Correct
Audi
87.1%
BMW
72.6%
Ford
62.9%
Honda
56.5%
Toyota
51.6%
Cadillac
50%
Dodge
50%
Nissan
50%
Kia
48.4%
Mercedes
45.2%
% Correct
Lexus
43.5%
Volkswagen
43.5%
Jeep
40.3%
GMC
38.7%
Opel
37.1%
Infiniti
35.5%
Suzuki
33.9%
Pontiac
32.3%
Renault
27.4%
12.9%

You're not logged in!

Compare scores with friends on all Sporcle quizzes.
OR
Log In

You Might Also Like...

Show Comments

Extras

Top Quizzes Today


Score Distribution

Your Account Isn't Verified!

In order to create a playlist on Sporcle, you need to verify the email address you used during registration. Go to your Sporcle Settings to finish the process.

Report this User

Report this user for behavior that violates our Community Guidelines.

Details: